<?xml version="1.0" encoding="UTF-8"?>
<record
    xmlns:xsi="http://www.w3.org/2001/XMLSchema-instance"
    xsi:schemaLocation="http://www.loc.gov/MARC21/slim http://www.loc.gov/standards/marcxml/schema/MARC21slim.xsd"
    xmlns="http://www.loc.gov/MARC21/slim">

  <leader>06175nam a2200421 i 4500</leader>
  <controlfield tag="001">768714001</controlfield>
  <controlfield tag="003">CO-MdFUSB</controlfield>
  <controlfield tag="005">20250421102119.0</controlfield>
  <controlfield tag="007">ta</controlfield>
  <controlfield tag="008">950419t1996    -usa     b    0|0 | eng  </controlfield>
  <datafield tag="020" ind1=" " ind2=" ">
    <subfield code="a">0195092937 </subfield>
  </datafield>
  <datafield tag="040" ind1=" " ind2=" ">
    <subfield code="a">DLC</subfield>
    <subfield code="c">CO-MdFUSB</subfield>
    <subfield code="d">CO-MdFUSB</subfield>
    <subfield code="b">spa</subfield>
    <subfield code="e">rda</subfield>
  </datafield>
  <datafield tag="041" ind1=" " ind2=" ">
    <subfield code="a">eng</subfield>
  </datafield>
  <datafield tag="082" ind1="0" ind2="0">
    <subfield code="2">23</subfield>
    <subfield code="a">189</subfield>
    <subfield code="b">R287</subfield>
  </datafield>
  <datafield tag="245" ind1="0" ind2="0">
    <subfield code="a">Readings in medieval philosophy</subfield>
    <subfield code="c">/ editado por Andrew B. Schoedinger</subfield>
  </datafield>
  <datafield tag="264" ind1=" " ind2="1">
    <subfield code="a">New York, Estados Unidos :</subfield>
    <subfield code="b">Oxford University Press,</subfield>
    <subfield code="c">[1996]</subfield>
  </datafield>
  <datafield tag="264" ind1=" " ind2="4">
    <subfield code="c">&#xA9; 1996</subfield>
  </datafield>
  <datafield tag="300" ind1=" " ind2=" ">
    <subfield code="a">853 p&#xE1;ginas :</subfield>
    <subfield code="c">24 cm.</subfield>
    <subfield code="b">figuras geom&#xE9;tricas</subfield>
  </datafield>
  <datafield tag="336" ind1=" " ind2=" ">
    <subfield code="2">rdacontent</subfield>
    <subfield code="a">texto</subfield>
    <subfield code="b">txt</subfield>
  </datafield>
  <datafield tag="337" ind1=" " ind2=" ">
    <subfield code="2">rdamedia</subfield>
    <subfield code="a">sin mediaci&#xF3;n</subfield>
    <subfield code="b">n</subfield>
  </datafield>
  <datafield tag="338" ind1=" " ind2=" ">
    <subfield code="2">rdacarrier</subfield>
    <subfield code="a">volumen</subfield>
    <subfield code="b">nc</subfield>
  </datafield>
  <datafield tag="505" ind1="0" ind2="0">
    <subfield code="g">Parte I:</subfield>
    <subfield code="t">La existencia de Dios</subfield>
    <subfield code="a">La libre elecci&#xF3;n de la voluntad, Libro II, Cap&#xED;tulos 3-15 / San Agust&#xED;n. -- La prueba de la existencia de Dios de la Metaf&#xED;sica de Avicena / Avicena. -- Proslogium, Prefacio y Cap&#xED;tulos I-IV. -- La Trinidad, o el primer principio, cap&#xED;tulos I-III / Guillermo de Auvernia. -- Suma Teol&#xF3;gica Parte I: Cuesti&#xF3;n I, Art&#xED;culos 1 y 2; Cuesti&#xF3;n II, Art&#xED;culos 1, 2 y 3 / Santo Tom&#xE1;s de Aquino. --  "Sobre la existencia de Dios" de Tratado sobre Dios como primer principio / John Duns Scotus.</subfield>
  </datafield>
  <datafield tag="505" ind1="0" ind2="0">
    <subfield code="g">Parte II:</subfield>
    <subfield code="t">La &#xE9;tica y el problema del mal</subfield>
    <subfield code="a">"La Naturaleza del Mal" de Los Nombres Divinos, Cap&#xED;tulo Cuatro / Pseudo-Dionisio -- La mejora de las cualidades morales / Solomon Ibn Gabirol -- &#xC9;tica, Pr&#xF3;logo y Cap&#xED;tulos I-XVI / Peter Abelard -- Leyes concernientes a los rasgos de car&#xE1;cter / Mois&#xE9;s Maim&#xF3;nides -- "Cuestiones en disputa sobre el mal" de De Malo; Pregunta Primera, Art&#xED;culos 1-4 y Pregunta Tercera, Art&#xED;culo 1 / Santo Tom&#xE1;s de Aquino -- Dios y las criaturas; Las Cuestiones Quodlibetales; Pregunta 18, Art&#xED;culos I-III / John Duns Scotus.</subfield>
  </datafield>
  <datafield tag="505" ind1="0" ind2="0">
    <subfield code="g">Parte III:</subfield>
    <subfield code="t">La previsi&#xF3;n de Dios y el libre albedr&#xED;o</subfield>
    <subfield code="a">El Consuelo de la Filosof&#xED;a, Libro V / Boecio -- Presciencia y libre elecci&#xF3;n, cap&#xED;tulos 1-4 / San Anselmo -- "Sobre el conocimiento de Dios" de Sobre la armon&#xED;a de la religi&#xF3;n y la filosof&#xED;a/ Averroes -- "Causalidad y Presciencia de Dios"; Quodlibeta, III, Cuesti&#xF3;n iii y Ordinatio, D. XXXVIII, Cuesti&#xF3;n unica / Guillermo de Ockham -- Las Guerras del Se&#xF1;or, Libro III, Conocimiento Divino / Levi ben Gerson -- Una Cuesti&#xF3;n Quodlibetal sobre Futuros Contingentes Disputada en Lovaina en el a&#xF1;o 1465 / Peter de Rivo</subfield>
  </datafield>
  <datafield tag="505" ind1="0" ind2="0">
    <subfield code="g">Parte IV: </subfield>
    <subfield code="t">Teolog&#xED;a</subfield>
    <subfield code="a">Sobre la inmortalidad del alma / San Agust&#xED;n -- Carta a Carlomagno: Sobre el ser (sustancia) de la nada y las sombras / Fridugiso de Tours -- "Sobre la Trinidad" de Periphyseon, Libro II; 561C-579D / Juan Escoto Eriugena -- Carta sobre la Omnipotencia Divina, Selecciones / San Pedro Dami&#xE1;n -- Gracia y libre elecci&#xF3;n / San Anselmo -- Cuestiones en disputa sobre el misterio de la Trinidad; Cuesti&#xF3;n II, Art&#xED;culos I y II / San Buenaventura</subfield>
  </datafield>
  <datafield tag="505" ind1="0" ind2="0">
    <subfield code="g">Parte V:</subfield>
    <subfield code="t">Filosof&#xED;a pol&#xED;tica</subfield>
    <subfield code="a">El Estado Perfecto, Secci&#xF3;n V; Cap&#xED;tulo 15 / Al-Farabi -- El Policraticus, Libro Cuarto, Pr&#xF3;logo y Cap&#xED;tulos I-IV / Juan de Salisbury -- De la Realeza al Rey de Chipre, Libro Primero, Cap&#xED;tulos I, II y VI, Libro Segundo, Cap&#xED;tulo III / Santo Tom&#xE1;s de Aquino -- Sobre el poder real y papal, pr&#xF3;logo y cap&#xED;tulos 1-7 / Juan de Par&#xED;s -- El Defensor de la Paz, Discurso Primero, Cap&#xED;tulos II y VIII-XIII / Marsilio de Padua -- Ocho Cuestiones sobre el Poder del Papa, Cuesti&#xF3;n II, Cap&#xED;tulos I y VII; Di&#xE1;logo de Papas Potestades y Emperatrices, Parte III: Tratado ii; Libro II, Cap&#xED;tulos 26-28 / Guillermo de Ockham.</subfield>
  </datafield>
  <datafield tag="505" ind1="0" ind2="0">
    <subfield code="g">Parte VI:</subfield>
    <subfield code="t">Conocimiento y sensaci&#xF3;n</subfield>
    <subfield code="a">La Trinidad, Selecciones sobre el conocimiento / San Agust&#xED;n -- Summa Theologica, Parte I, Pregunta LXXXIV, Art&#xED;culos 6-8; Cuesti&#xF3;n LXXXV, Art&#xED;culos 1-8: Cuesti&#xF3;n LXXXVI, Art&#xED;culos 1-4 y Cuesti&#xF3;n LXXXVIII, Art&#xED;culos 1-3 / Santo Tom&#xE1;s de Aquino -- Cuestiones en disputa sobre la fe y el conocimiento, Pregunta I / Mateo de Aquasparta -- Dos cartas a Bernardo de Arezzo / Nicol&#xE1;s de Autrecourt -- Comentario al De Anima de Arist&#xF3;teles, Libro II, Preguntas 9-11 / Jean Buridan -- Pr&#xF3;logo y cap&#xED;tulo uno, "Sobre las causas de las maravillas que implican la visi&#xF3;n", de De causis mirabilium / Nicole Oresme.</subfield>
  </datafield>
  <datafield tag="505" ind1="0" ind2="0">
    <subfield code="g">Parte VII:</subfield>
    <subfield code="t">Universales</subfield>
    <subfield code="a">Glosas sobre p&#xF3;rfido de Logica Ingredientibus, "Sobre los universales" / Peter Abelard -- The Metalogicon, Libro II, Cap&#xED;tulos 17-20 / Juan de Salisbury -- Del Ser y la Esencia, Introducci&#xF3;n y Cap&#xED;tulos 1-4 / Santo Tom&#xE1;s de Aquino -- El principio de individuaci&#xF3;n, preguntas uno-seis / John Duns Scotus -- Summa logica, Parte I, Cap&#xED;tulos 14-17; Quodlibet 4, Pregunta 35 y Quodlibet 5, Preguntas 12 y 13 / Guillermo de Ockham --  "Sobre los universales" / Walter Burley</subfield>
  </datafield>
  <datafield tag="505" ind1="0" ind2="0">
    <subfield code="g">Parte VIII:</subfield>
    <subfield code="t">L&#xF3;gica y filosof&#xED;a del lenguaje</subfield>
    <subfield code="a">Sobre la divisi&#xF3;n / Boecio -- Introducci&#xF3;n a la l&#xF3;gica, cap&#xED;tulo cinco, "Propiedades de los t&#xE9;rminos" / William of Sherwood -- "Tratado sobre distribuciones" de Summulae Logicales / Pedro de Espa&#xF1;a -- "La naturaleza de la l&#xF3;gica" y "Dial&#xE9;ctica y demostraci&#xF3;n" de De ortu scientiarum / Robert Kilwardby -- Sophismata, Cap&#xED;tulo VIII, "Insolubles" / Jean Buridan -- "Sobre las proposiciones de vinculaci&#xF3;n" de Logica Magna</subfield>
  </datafield>
  <datafield tag="505" ind1="0" ind2="0">
    <subfield code="g">Parte IX:</subfield>
    <subfield code="t">F&#xED;sica</subfield>
    <subfield code="a">Sobre la luz / Robert Grosseteste -- Carta a Sigerus de Foucaucourt: Sobre el im&#xE1;n / Peter Peregrinus de Maricourt -- Opus Majus, Parte IV: Distinciones I, II y III / Roger Bacon -- Perspectiva com&#xFA;n, Parte II, Reflexi&#xF3;n / John Pecham -- "La teor&#xED;a del &#xED;mpetu del movimiento de proyectiles" de Preguntas sobre los ocho libros de la f&#xED;sica de Arist&#xF3;teles, Libro VIII, Pregunta 12; "Sobre la Ca&#xED;da Libre de los Cuerpos" y "Sobre la Rotaci&#xF3;n Diurna de la Tierra" de Preguntas sobre los Cuatro Libros sobre los Cielos y el Mundo de Arist&#xF3;teles, Libro II, Preguntas 12 y 22 / Jean Buridan -- De los experimentos con el peso / Nicol&#xE1;s de Cusa</subfield>
  </datafield>
  <datafield tag="563" ind1=" " ind2=" ">
    <subfield code="a">R&#xFA;stico</subfield>
  </datafield>
  <datafield tag="650" ind1=" " ind2="7">
    <subfield code="a">Filosof&#xED;a antigua</subfield>
    <subfield code="2">embne</subfield>
    <subfield code="9">7172</subfield>
  </datafield>
  <datafield tag="653" ind1=" " ind2=" ">
    <subfield code="a">Filosof&#xED;a medieval </subfield>
  </datafield>
  <datafield tag="700" ind1="1" ind2=" ">
    <subfield code="a">Schoedinger, Andrew B.</subfield>
    <subfield code="e">editor</subfield>
  </datafield>
  <datafield tag="942" ind1=" " ind2=" ">
    <subfield code="c">BK</subfield>
  </datafield>
  <datafield tag="945" ind1=" " ind2=" ">
    <subfield code="a">Mag1104</subfield>
  </datafield>
  <datafield tag="952" ind1=" " ind2=" ">
    <subfield code="0">0</subfield>
    <subfield code="1">0</subfield>
    <subfield code="2">ddc</subfield>
    <subfield code="4">0</subfield>
    <subfield code="7">0</subfield>
    <subfield code="8">GEN</subfield>
    <subfield code="a">FUSBC</subfield>
    <subfield code="b">FUSBC</subfield>
    <subfield code="d">2023-04-20</subfield>
    <subfield code="l">0</subfield>
    <subfield code="o">G 189 R287r</subfield>
    <subfield code="p">24090</subfield>
    <subfield code="r">2023-04-20 00:00:00</subfield>
    <subfield code="t">Ej. 1</subfield>
    <subfield code="w">2023-04-20</subfield>
    <subfield code="y">BK</subfield>
    <subfield code="k">1</subfield>
  </datafield>
  <datafield tag="999" ind1=" " ind2=" ">
    <subfield code="c">68749</subfield>
    <subfield code="d">68749</subfield>
  </datafield>
</record>
